000 00507nam a2200181Ia 4500
008 090124s9999 xx 000 0 und d
082 _b6592
_a249
100 _aकाणेकर अनंत
245 _a काळी मेहुणी
250 _a0
260 _c1944
300 _a132
600 _aकाणेकर अनंत
630 _a काळी मेहुणी
700 _aकाणेकर अनंत
730 _a काळी मेहुणी
942 _cBOOK
999 _c120533
_d120533